|
|
|
|
| LEADER |
00000nam0a2200000 4500 |
| 001 |
106434 |
| 005 |
20231031114913.0 |
| 010 |
|
|
|a 5936304507
|
| 035 |
|
|
|a (RuTPU)RU\TPU\book\114869
|
| 090 |
|
|
|a 106434
|
| 100 |
|
|
|a 20061206d2005 k y0rusy50 ca
|
| 101 |
0 |
|
|a rus
|
| 102 |
|
|
|a RU
|
| 105 |
|
|
|a y l 000zy
|
| 200 |
1 |
|
|a Инструкция по устройству молниезащиты зданий, сооружений и промышленных коммуникаций
|
| 210 |
|
|
|a СПб.
|c Деан
|d 2005
|
| 215 |
|
|
|a 64 с.
|
| 225 |
1 |
|
|a Безопасность труда России
|
| 330 |
|
|
|a Инструкция распространяется на все виды зданий, сооружений и промышленных коммуникаций независимо от ведомственной принадлежности и формы собственности. Инструкция предназначена для использования при разработке проектов, строительстве, эксплуатации, а также при реконструкции зданий, сооружений и промышленных коммуникаций. Для руководителей и специалистов проектных и эксплуатационных организаций.
|
| 610 |
1 |
|
|a молниезащита
|
| 610 |
1 |
|
|a молния
|
| 610 |
1 |
|
|a защита
|
| 610 |
1 |
|
|a удары
|
| 610 |
1 |
|
|a вторичные воздействия
|
| 610 |
1 |
|
|a техническая документация
|
| 610 |
1 |
|
|a эксплуатация
|
| 610 |
1 |
|
|a инструкции
|
| 675 |
|
|
|a 621.316.98(083.138)
|v 3
|
| 801 |
|
1 |
|a RU
|b 63413507
|c 20061206
|g PSBO
|
| 801 |
|
2 |
|a RU
|b 63413507
|c 20091117
|g PSBO
|
| 900 |
|
|
|a Молниезащита
|
| 942 |
|
|
|c BK
|